[Event "55th World U20 ch"]
[Site "Bhubaneswar IND"]
[Date "2016.08.20"]
[Round "12.39"]
[White "Hsu Chuan Chia"]
[Black "Thogersen, Rasmus"]
[Result "0-1"]
[WhiteElo "1777"]
[BlackElo "2171"]
[EventDate "2016.08.08"]
[PlyCount "58"]

1.e4 e5 2.Nf3 Nc6 3.Bb5 a6 4.Ba4 Nf6 5.O-O Be7 6.d3 d6 7.c4 O-O 8.Nc3 Bg4 
9.Be3 Nd7 10.Bxc6 bxc6 11.h3 Bxf3 12.Qxf3 Rb8 13.b3 Bg5 14.Qg4 Bxe3 15.
fxe3 Qe7 16.Rf2 a5 17.Raf1 Rb4 18.Qd1 Qg5 19.Rf3 f6 20.Kh2 Kh8 21.Rg3 Qh4 
22.Rf5 g6 23.Rf2 Kg7 24.Rgf3 Nc5 25.g3 Qh6 26.d4 Ne6 27.g4 Ng5 28.Rg3 Qh4 
29.dxe5 Nxh3 0-1

[Event "55th World U20 ch"]
[Site "Bhubaneswar IND"]
[Date "2016.08.21"]
[Round "13.1"]
[White "Xiong, Jeffery"]
[Black "Mosadeghpour, Masoud"]
[Result "1/2-1/2"]
[WhiteElo "2633"]
[BlackElo "2437"]
[EventDate "2016.08.08"]
[PlyCount "117"]

1.Nf3 Nf6 2.c4 e6 3.Nc3 d5 4.d4 Be7 5.Bg5 h6 6.Bh4 dxc4 7.e3 a6 8.Bxc4 b5 
9.Bd3 Bb7 10.Bxf6 Bxf6 11.Ne4 Be7 12.a3 f5 13.Ng3 O-O 14.O-O Nd7 15.b4 Bd6
16.Re1 Nf6 17.Rc1 Rb8 18.Ne5 Bxe5 19.dxe5 Ng4 20.Be2 Nxe5 21.Qxd8 Rfxd8 
22.Rxc7 Bd5 23.Nh5 Rb7 24.Rc5 Nd7 25.Rc3 e5 26.Rd1 Nb6 27.Ng3 Rf8 28.Rc5 
f4 29.Nf1 f3 30.gxf3 Bc4 31.Bd3 Rbf7 32.Rc6 Bxd3 33.Rxd3 Nc4 34.Nd2 e4 35.
Rd5 Nxd2 36.Rxd2 exf3 37.Rxa6 Rc8 38.h3 Rf5 39.Rg6 Kh7 40.Rg3 Rf7 41.Kh2 
Rc3 42.Rg4 Rxa3 43.Kg3 Rb3 44.Rdd4 Rxe3 45.fxe3 f2 46.Rgf4 f1=Q 47.Rxf1 
Rxf1 48.Rd5 Re1 49.Kf4 g5+ 50.Kf3 Rh1 51.Kg4 Re1 52.Re5 Kg6 53.Re6+ Kg7 
54.Kh5 Rh1 55.Rg6+ Kf7 56.Rxh6 Rxh3+ 57.Kxg5 Rxe3 58.Kf5 Ke7 59.Rb6 
1/2-1/2

[Event "55th World U20 ch"]
[Site "Bhubaneswar IND"]
[Date "2016.08.21"]
[Round "13.2"]
[White "Artemiev, Vladislav"]
[Black "Aravindh, Chithambaram"]
[Result "1-0"]
[WhiteElo "2665"]
[BlackElo "2543"]
[EventDate "2016.08.08"]
[PlyCount "175"]

1.Nf3 Nf6 2.g3 d5 3.Bg2 g6 4.c4 c6 5.Qa4 dxc4 6.Qxc4 Bg7 7.Nc3 O-O 8.O-O 
Bg4 9.d4 Nbd7 10.Rd1 Qa5 11.Qb3 Qb6 12.Qa3 Rfe8 13.Be3 a5 14.d5 Qb4 15.
dxc6 bxc6 16.Nd4 Qxa3 17.bxa3 Rac8 18.h3 Be6 19.Nxe6 fxe6 20.Rac1 Nd5 21.
Na4 Rb8 22.Rxc6 Ne5 23.Bxd5 exd5 24.Rc7 Nc4 25.Bd4 Bxd4 26.Rxd4 e6 27.Nc5 
Nxa3 28.Rh4 h5 29.Rf4 Nb5 30.Rc6 Nc3 31.Rf6 Rbc8 32.Rxg6+ Kf7 33.Rgxe6 
Rxc6 34.Rxc6 Rxe2 35.Rc7+ Re7 36.Rc6 Nxa2 37.Ra6 Nc3 38.Rxa5 Re2 39.Nd3 
Rd2 40.Nf4 h4 41.g4 Ne4 42.Nxd5 Nxf2 43.Nf4 Nd3 44.Rf5+ Kg7 45.Ng2 Nc1 46.
Nxh4 Ne2+ 47.Kf2 Nc3+ 48.Kf3 Rd3+ 49.Kg2 Nd5 50.Rf3 Rd1 51.Kg3 Rg1+ 52.Kf2
Ra1 53.Nf5+ Kg6 54.Kg3 Rg1+ 55.Kh2 Ra1 56.Nh4+ Kg7 57.Rb3 Nf4 58.Nf3 Ra2+ 
59.Kg3 Ne2+ 60.Kh4 Nf4 61.Rb7+ Kg6 62.Rb6+ Kg7 63.Rb4 Ng2+ 64.Kg3 Ne3 65.
Rb7+ Kf6 66.g5+ Ke6 67.Rb6+ Ke7 68.Rb5 Kf7 69.Kf4 Ng2+ 70.Kg3 Ne3 71.h4 
Nf1+ 72.Kh3 Ra3 73.Rf5+ Kg8 74.Rf4 Ne3 75.Kg3 Nd5 76.Rd4 Ne3 77.Re4 Kf7 
78.h5 Nf5+ 79.Kf4 Ne7 80.Ne5+ Kg7 81.Rd4 Ra7 82.Kg4 Ra5 83.Nf3 Nf5 84.Rd7+
Kf8 85.h6 Kg8 86.Nh4 Ne3+ 87.Kh5 Ra7 88.h7+ 1-0

[Event "55th World U20 ch"]
[Site "Bhubaneswar IND"]
[Date "2016.08.21"]
[Round "13.3"]
[White "Narayanan, Sunilduth Lyna"]
[Black "Nasuta, Grzegorz"]
[Result "1-0"]
[WhiteElo "2515"]
[BlackElo "2442"]
[EventDate "2016.08.08"]
[PlyCount "81"]

1.e4 c5 2.Nf3 d6 3.d4 cxd4 4.Nxd4 Nf6 5.Nc3 a6 6.Bc4 e6 7.Bb3 Nbd7 8.Bg5 
Nc5 9.f4 Be7 10.Qf3 Qc7 11.O-O b5 12.f5 b4 13.fxe6 fxe6 14.Na4 Nxb3 15.
cxb3 O-O 16.Rac1 Qa7 17.Be3 Nd5 18.Nc6 Rxf3 19.Bxa7 Rxf1+ 20.Kxf1 Bg5 21.
Rc4 Rxa7 22.Nxa7 Ne3+ 23.Kf2 Nxc4 24.Nxc8 Ne5 25.Nxd6 Nd3+ 26.Ke2 Nc1+ 27.
Kd1 Nd3 28.Ke2 Nc1+ 29.Kf3 Nxa2 30.Nc5 Nc1 31.e5 Be7 32.Nde4 Kf7 33.Ke3 a5
34.Kd2 Na2 35.Kc2 Kg6 36.g4 h5 37.h3 hxg4 38.hxg4 a4 39.bxa4 b3+ 40.Kxb3 
Nc1+ 41.Kc4 1-0

[Event "55th World U20 ch"]
[Site "Bhubaneswar IND"]
[Date "2016.08.21"]
[Round "13.4"]
[White "Maghsoodloo, Parham"]
[Black "Xu Yi"]
[Result "0-1"]
[WhiteElo "2576"]
[BlackElo "2371"]
[EventDate "2016.08.08"]
[PlyCount "126"]

1.d4 Nf6 2.Nf3 d5 3.Bf4 c5 4.e3 Nc6 5.Nc3 Bg4 6.dxc5 e5 7.Bg5 d4 8.exd4 
Nxd4 9.Be2 Bxf3 10.Bxf3 Bxc5 11.O-O h6 12.Bh4 O-O 13.Bxb7 Rb8 14.Ba6 Qd6 
15.Bd3 g5 16.Bg3 Rxb2 17.Re1 Re8 18.Na4 Rbb8 19.c3 Nc6 20.Qf3 Ba3 21.Rad1 
Qe6 22.Bf5 Qc4 23.Bc2 Kg7 24.Bb3 Qa6 25.Qf5 Qc8 26.Qc2 Rb7 27.f3 Rbe7 28.
Rf1 Na5 29.Bf2 Nc4 30.Qe2 Rc7 31.Kh1 Kg8 32.Qd3 Be7 33.Rfe1 Kg7 34.Bg3 Rd8
35.Qe2 Rxd1 36.Rxd1 Nh5 37.Be1 Nf4 38.Qe4 f5 39.Qb1 Ne3 40.Rd2 Qb7 41.Bg3 
Bf6 42.Bxf4 exf4 43.Qd3 Qc6 44.h3 h5 45.c4 g4 46.hxg4 hxg4 47.fxg4 fxg4 
48.c5 Re7 49.Qd8 Nc4 50.Rd6 Re1+ 51.Kh2 g3+ 52.Kh3 Rh1+ 53.Kg4 Rh4+ 54.Kf5
Ne3+ 55.Ke6 Qe4+ 56.Kd7 Bxd8 57.Kxd8 Rh8+ 58.Kc7 Qa8 59.Be6 Qb8+ 60.Kc6 
Rd8 61.Nc3 Rxd6+ 62.cxd6 Qb6+ 63.Kd7 f3 0-1

[Event "55th World U20 ch"]
[Site "Bhubaneswar IND"]
[Date "2016.08.21"]
[Round "13.5"]
[White "Gagare, Shardul"]
[Black "Svane, Rasmus"]
[Result "0-1"]
[WhiteElo "2486"]
[BlackElo "2546"]
[EventDate "2016.08.08"]
[PlyCount "102"]

1.d4 d5 2.c4 c6 3.Nc3 Nf6 4.e3 Bf5 5.cxd5 cxd5 6.Qb3 Nc6 7.Qxb7 Bd7 8.Qb3 
Rb8 9.Qd1 e5 10.Nf3 Bd6 11.dxe5 Nxe5 12.Nd4 O-O 13.Be2 Ne4 14.O-O Nxc3 15.
bxc3 Qc7 16.Qc2 Ng4 17.h3 Nf6 18.a4 Bh2+ 19.Kh1 Be5 20.Ba3 Rfc8 21.Ba6 Re8
22.Bd3 Qc8 23.Kg1 Ne4 24.c4 Bxd4 25.exd4 Bxh3 26.f3 Bxg2 27.Kxg2 Rb6 28.
fxe4 Qg4+ 29.Kf2 dxe4 30.Be2 e3+ 31.Ke1 Qh4+ 32.Kd1 Qxd4+ 33.Bd3 Qxa1+ 34.
Bc1 Qd4 35.Ke1 Qh4+ 36.Ke2 Qg4+ 37.Ke1 Qg3+ 38.Kd1 e2+ 39.Bxe2 Rd8+ 40.Bd2
Qe3 41.Ke1 Rxd2 42.Qxd2 Rb1+ 43.Qd1 Rxd1+ 44.Kxd1 h5 45.Rf3 Qg1+ 46.Bf1 h4
47.Ke2 Qd4 48.Ke1 g5 49.Rd3 Qe4+ 50.Kd2 g4 51.c5 Qf4+ 0-1

[Event "55th World U20 ch"]
[Site "Bhubaneswar IND"]
[Date "2016.08.21"]
[Round "13.6"]
[White "Karthikeyan, Murali"]
[Black "Henriquez Villagra, Cristobal"]
[Result "1-0"]
[WhiteElo "2514"]
[BlackElo "2520"]
[EventDate "2016.08.08"]
[PlyCount "79"]

1.Nf3 d5 2.g3 g6 3.Bg2 Bg7 4.d4 Nf6 5.O-O O-O 6.c4 dxc4 7.Na3 c3 8.bxc3 c5
9.Re1 Qa5 10.Bb2 Nc6 11.e4 Nd7 12.Nc4 Qa6 13.Ne3 cxd4 14.cxd4 Nb6 15.a4 
Rd8 16.Bc3 Be6 17.Bf1 Nc4 18.Rc1 Nxe3 19.Rxe3 Bc4 20.Bxc4 Qxc4 21.Ba5 Rxd4
22.Nxd4 Qxd4 23.Bc3 Qb6 24.Bxg7 Kxg7 25.Rd3 Qb4 26.Qb3 a5 27.Rc4 Qe1+ 28.
Kg2 Ne5 29.Re3 Qa1 30.Rc7 Rd8 31.Qc3 Qxc3 32.Rexc3 Kf6 33.Rxb7 Rd4 34.f4 
Ng4 35.Rb2 Rxa4 36.h3 Nh6 37.Kf3 Ra1 38.g4 Kg7 39.g5 Ng8 40.Rb8 1-0

[Event "55th World U20 ch"]
[Site "Bhubaneswar IND"]
[Date "2016.08.21"]
[Round "13.7"]
[White "Xu Yinglun"]
[Black "Bersamina, Paulo"]
[Result "1-0"]
[WhiteElo "2516"]
[BlackElo "2402"]
[EventDate "2016.08.08"]
[PlyCount "127"]

1.d4 Nf6 2.Nf3 e6 3.Bf4 c5 4.e3 b6 5.Nbd2 Bb7 6.Bd3 Be7 7.h3 O-O 8.O-O 
cxd4 9.exd4 d6 10.Bh2 Re8 11.Re1 Nbd7 12.a4 a6 13.c3 Nf8 14.Qb3 Rb8 15.Qc2
Rc8 16.Ng5 h6 17.Ngf3 N8d7 18.Qd1 Nf8 19.Qe2 Ra8 20.Nc4 Nd5 21.Nfd2 Qc7 
22.Ne4 Red8 23.f4 f5 24.Ned2 Bh4 25.Rf1 Qf7 26.Kh1 Rd7 27.Ne3 Nxe3 28.Qxe3
Bd8 29.Bg3 Bc7 30.Bc4 Re7 31.Rae1 Ree8 32.Re2 Bd5 33.Bxd5 exd5 34.Qd3 Rxe2
35.Qxe2 Bd8 36.Re1 Nh7 37.Nf1 Nf6 38.Bh4 g5 39.fxg5 Ne4 40.g6 Qxg6 41.Bxd8
Rxd8 42.Qxa6 Kh8 43.Qe2 Ra8 44.Qf3 Rxa4 45.Ne3 Ra2 46.Nxd5 Rxb2 47.Ne7 Qg3
48.Qxg3 Nxg3+ 49.Kh2 Re2 50.Rb1 Rxe7 51.Kxg3 Re3+ 52.Kf4 Rxc3 53.Rxb6 Rc2 
54.g3 Rf2+ 55.Ke3 Rh2 56.h4 Kg7 57.Rxd6 Rh1 58.d5 Rf1 59.h5 Rh1 60.Rg6+ 
Kh7 61.d6 Rxh5 62.Re6 Rh1 63.Kd2 Rh2+ 64.Re2 1-0

[Event "55th World U20 ch"]
[Site "Bhubaneswar IND"]
[Date "2016.08.21"]
[Round "13.8"]
[White "Lorparizangeneh, Shahin"]
[Black "Tran Tuan Minh"]
[Result "1/2-1/2"]
[WhiteElo "2478"]
[BlackElo "2473"]
[EventDate "2016.08.08"]
[PlyCount "81"]

1.Nf3 Nf6 2.g3 b6 3.Bg2 Bb7 4.c4 e6 5.O-O Be7 6.Nc3 O-O 7.Re1 c5 8.e4 d6 
9.d4 cxd4 10.Nxd4 Qc8 11.Be3 a6 12.Rc1 Nbd7 13.f4 Re8 14.f5 e5 15.Nb3 Qd8 
16.a4 Rc8 17.Qe2 h6 18.Nd2 Rc7 19.Nd5 Nxd5 20.cxd5 Nc5 21.a5 b5 22.b4 Na4 
23.Nb1 Qd7 24.Rxc7 Qxc7 25.Rc1 Qd7 26.h4 Rc8 27.Qd2 Bd8 28.Bf3 Kf8 29.Bxh6
gxh6 30.Qxh6+ Kg8 31.Rxc8 Qxc8 32.f6 Bxf6 33.Qxf6 Qc1+ 34.Kh2 Qxb1 35.h5 
Qc2+ 36.Bg2 Qc8 37.h6 Qg4 38.Bh3 Qe2+ 39.Bg2 Qg4 40.Bh3 Qe2+ 41.Bg2 
1/2-1/2

[Event "55th World U20 ch"]
[Site "Bhubaneswar IND"]
[Date "2016.08.21"]
[Round "13.9"]
[White "Akash, Ganesan"]
[Black "Wagner, Dennis"]
[Result "1/2-1/2"]
[WhiteElo "2400"]
[BlackElo "2572"]
[EventDate "2016.08.08"]
[PlyCount "69"]

1.e4 e5 2.Nf3 Nc6 3.Bb5 a6 4.Ba4 Nf6 5.O-O Be7 6.d3 d6 7.c4 O-O 8.h3 Nd7 
9.Be3 Bf6 10.Nc3 Nd4 11.b4 g6 12.Bh6 Bg7 13.Bxg7 Nxf3+ 14.Qxf3 Kxg7 15.Qe3
c6 16.f4 f6 17.Bb3 a5 18.b5 Nc5 19.fxe5 fxe5 20.Na4 Nxa4 21.Bxa4 c5 22.
Rxf8 Qxf8 23.Rf1 Qe7 24.Bd1 b6 25.a4 Be6 26.Bg4 Bg8 27.g3 h5 28.Be2 Be6 
29.h4 Rf8 30.Rxf8 Qxf8 31.Kg2 Qf6 32.Qg5 Qxg5 33.hxg5 Bg4 34.Bxg4 hxg4 35.
Kf2 1/2-1/2

[Event "55th World U20 ch"]
[Site "Bhubaneswar IND"]
[Date "2016.08.21"]
[Round "13.10"]
[White "Mousavi, Seyed Khalil"]
[Black "Arjun, Kalyan"]
[Result "1/2-1/2"]
[WhiteElo "2422"]
[BlackElo "2292"]
[EventDate "2016.08.08"]
[PlyCount "178"]

1.c4 c6 2.Nf3 d5 3.e3 Nf6 4.d4 Bf5 5.Nc3 e6 6.Nh4 Be4 7.f3 Bg6 8.Qb3 Qc7 
9.Nxg6 hxg6 10.g3 Bd6 11.f4 O-O 12.Bd2 Be7 13.Rc1 Qd7 14.Bg2 Rd8 15.c5 Qc7
16.Qc2 b6 17.b4 Nbd7 18.O-O a5 19.a3 axb4 20.axb4 bxc5 21.bxc5 Rdb8 22.Ra1
Qb7 23.Rfb1 Rxa1 24.Rxa1 Bd8 25.Qa4 Ne8 26.Bf1 Nc7 27.Qd1 f5 28.Rb1 Qa7 
29.Rxb8 Qxb8 30.Qa4 Qb7 31.Na2 Nb8 32.Nb4 Kf7 33.Nd3 Nd7 34.h4 Ne8 35.Nb4 
Nb8 36.Kf2 Nf6 37.Ke2 Ke7 38.Kd1 Ke8 39.Kc2 Ke7 40.Nd3 Nfd7 41.Be2 Kf7 42.
Ne1 Nf6 43.Nf3 Nfd7 44.Qa1 Bf6 45.Bc3 Kf8 46.Ne5 Nxe5 47.fxe5 Bd8 48.h5 
gxh5 49.Bxh5 g6 50.Bxg6 Qg7 51.Bh5 Qxg3 52.Bd2 Qh2 53.Bf3 Qh7 54.Be2 Ke8 
55.Qb1 Qa7 56.Bc3 Kd7 57.Bd3 Kc8 58.Qg1 Qh7 59.Qg2 Kb7 60.Kd2 Kc8 61.Qg1 
Bc7 62.Qa1 Bd8 63.Be2 Bg5 64.Qg1 Bd8 65.Qa1 Bg5 66.Qg1 Bd8 67.Bd3 Kb7 68.
Kc2 Kc8 69.Qa1 Bg5 70.Bd2 Bd8 71.Qa8 Qb7 72.Qa4 Qc7 73.Qa3 Qb7 74.Qa1 Qh7 
75.Qf1 Kb7 76.Be2 Kc8 77.Bd3 Kb7 78.Qf3 Kc8 79.Kd1 Kb7 80.Qf1 Kc8 81.Qg1 
Kb7 82.Kc2 Kc8 83.Qa1 Bg5 84.Qa8 Qb7 85.Qa2 Bd8 86.Qa1 Qh7 87.Qg1 Kb7 88.
Kb3 Kc8 89.Bb4 Kb7 1/2-1/2

[Event "55th World U20 ch"]
[Site "Bhubaneswar IND"]
[Date "2016.08.21"]
[Round "13.11"]
[White "Menezes, Christoph"]
[Black "Srijit, Paul"]
[Result "1/2-1/2"]
[WhiteElo "2408"]
[BlackElo "2217"]
[EventDate "2016.08.08"]
[PlyCount "86"]

1.d4 f5 2.g3 Nf6 3.Bg2 g6 4.Nf3 Bg7 5.O-O O-O 6.c4 d6 7.Nc3 e6 8.Qc2 Nc6 
9.Rd1 Qe7 10.Rb1 Nd8 11.b3 Nf7 12.Ba3 Rb8 13.e3 b6 14.Ne5 Bb7 15.Nc6 Bxc6 
16.Bxc6 e5 17.dxe5 Nxe5 18.Bg2 Rbe8 19.h3 a5 20.Re1 Ned7 21.Rbd1 Ne4 22.
Nd5 Qd8 23.Nf4 Ndc5 24.Ne2 Qf6 25.Bc1 g5 26.Nd4 Qg6 27.a3 Kh8 28.b4 axb4 
29.axb4 Nd7 30.Rf1 c5 31.bxc5 bxc5 32.Ne2 Ne5 33.f3 Nf6 34.Rxd6 Qf7 35.e4 
Qxc4 36.Qxc4 Nxc4 37.Rc6 fxe4 38.Rxc5 exf3 39.Bxf3 Ne5 40.Rc2 Nxf3+ 41.
Rxf3 Ne4 42.Kg2 h6 43.Bb2 Bxb2 1/2-1/2

[Event "55th World U20 ch"]
[Site "Bhubaneswar IND"]
[Date "2016.08.21"]
[Round "13.12"]
[White "Ivekovic, Bozidar"]
[Black "Rajdeep, Sarkar"]
[Result "1-0"]
[WhiteElo "2351"]
[BlackElo "2351"]
[EventDate "2016.08.08"]
[PlyCount "131"]

1.b3 d5 2.Bb2 Nf6 3.Nf3 g6 4.c4 c6 5.e3 Bg7 6.Be2 O-O 7.O-O Nbd7 8.cxd5 
cxd5 9.d4 Nb6 10.Nc3 Bf5 11.Rc1 a6 12.Ba3 Re8 13.Nh4 Bd7 14.Bd3 Bc6 15.Nf3
Nfd7 16.Qd2 Rc8 17.Bb4 e6 18.a4 Bh6 19.Bd6 f6 20.Bf4 Bf8 21.Bb1 Ba3 22.Rc2
Bb4 23.Qc1 e5 24.dxe5 fxe5 25.Bg5 Qc7 26.Na2 Bd6 27.h3 Nf8 28.Rd1 Qf7 29.
a5 Nbd7 30.Bh4 e4 31.Nd4 Ne5 32.Rc3 Ne6 33.Nxc6 bxc6 34.Bxe4 Bc7 35.Bb1 
Bxa5 36.b4 Bc7 37.Bg3 Nd8 38.Bc2 a5 39.Bb3 axb4 40.Nxb4 Kh8 41.e4 Ba5 42.
Rxd5 cxd5 43.Rxc8 Qb7 44.Bxd5 Qxb4 45.Qa1 Qe1+ 46.Qxe1 Bxe1 47.Rxd8 Bxf2+ 
48.Kxf2 Nd3+ 49.Ke3 Rxd8 50.Kxd3 Kg7 51.Bh4 Re8 52.Kd4 h6 53.Bc6 Rb8 54.
Be1 Kf6 55.e5+ Ke6 56.Bd5+ Ke7 57.Kc4 Rc8+ 58.Kb3 g5 59.Bb4+ Ke8 60.e6 Rc7
61.Be4 Rg7 62.Bc6+ Kd8 63.Kc4 h5 64.Kd5 g4 65.Kd6 gxh3 66.Bd7 1-0

[Event "55th World U20 ch"]
[Site "Bhubaneswar IND"]
[Date "2016.08.21"]
[Round "13.13"]
[White "Alexeenko, Kiril"]
[Black "Lokander, Martin"]
[Result "1/2-1/2"]
[WhiteElo "2582"]
[BlackElo "2365"]
[EventDate "2016.08.08"]
[PlyCount "65"]

1.e4 e5 2.Nf3 Nc6 3.Bb5 a6 4.Ba4 Nf6 5.O-O Be7 6.Re1 b5 7.Bb3 d6 8.c3 O-O 
9.h3 Rb8 10.d4 exd4 11.cxd4 d5 12.e5 Ne4 13.Nc3 Nxc3 14.bxc3 Bf5 15.a4 b4 
16.Bd2 Na5 17.cxb4 Bxb4 18.Bxb4 Rxb4 19.Bc2 Bxc2 20.Qxc2 Nb3 21.Rad1 Qd7 
22.Re3 Qxa4 23.Ng5 g6 24.e6 Nxd4 25.exf7+ Rxf7 26.Qxa4 Rxa4 27.Nxf7 Kxf7 
28.f4 h5 29.Re5 c6 30.Rde1 a5 31.Re7+ Kf6 32.Rd7 h4 33.Rh7 1/2-1/2

[Event "55th World U20 ch"]
[Site "Bhubaneswar IND"]
[Date "2016.08.21"]
[Round "13.14"]
[White "Shailesh, Dravid"]
[Black "Gholami, Aryan"]
[Result "0-1"]
[WhiteElo "2224"]
[BlackElo "2461"]
[EventDate "2016.08.08"]
[PlyCount "68"]

1.e4 c5 2.Nf3 e6 3.d4 cxd4 4.Nxd4 a6 5.Bd3 Nf6 6.O-O Qc7 7.Qe2 d6 8.c4 g6 
9.Nc3 Bg7 10.Nf3 Nc6 11.h3 O-O 12.Be3 Nd7 13.Rac1 Nde5 14.Nxe5 dxe5 15.Nd5
Qd8 16.Nb6 Rb8 17.c5 Qe7 18.Rc4 f5 19.f3 Bd7 20.b4 Rfd8 21.a4 Be8 22.Rb1 
Bf6 23.b5 axb5 24.axb5 Nd4 25.Bxd4 Rxd4 26.Rxd4 Qxc5 27.Qf2 exd4 28.Na4 
Qd6 29.Qc2 Bg5 30.Qc5 Be3+ 31.Kh1 Qg3 32.Bc4 Bf7 33.Nb6 Bf4 34.Kg1 Qh2+ 
0-1

[Event "55th World U20 ch"]
[Site "Bhubaneswar IND"]
[Date "2016.08.21"]
[Round "13.15"]
[White "Dhulipalla, Bala Chandra Prasad"]
[Black "Basso, Pierluigi"]
[Result "1/2-1/2"]
[WhiteElo "2276"]
[BlackElo "2455"]
[EventDate "2016.08.08"]
[PlyCount "82"]

1.Nf3 d5 2.g3 c6 3.Bg2 Bg4 4.O-O e6 5.d3 Nd7 6.Nbd2 Bd6 7.Qe1 Ne7 8.b3 O-O
9.Bb2 a5 10.a3 b5 11.e4 c5 12.a4 bxa4 13.exd5 axb3 14.Nc4 Nb6 15.Nfe5 Nxc4
16.dxc4 Bxe5 17.Qxe5 f6 18.Qf4 Bf5 19.cxb3 Rb8 20.Bc3 Rxb3 21.Bxa5 Qd7 22.
Qc7 exd5 23.cxd5 Rb7 24.Qxd7 Rxd7 25.Rfd1 Bg4 26.f3 Bh5 27.d6 Nc6 28.Rd5 
Bf7 29.Rxc5 Nxa5 30.Rcxa5 Rxd6 31.Ra8 g5 32.Rxf8+ Kxf8 33.Re1 Rd2 34.Bf1 
Bd5 35.Be2 Rb2 36.Rd1 Bb7 37.Kf1 Ke7 38.Ke1 f5 39.Rd2 Rb1+ 40.Kf2 Rh1 41.
Kg2 Rc1 1/2-1/2

[Event "55th World U20 ch"]
[Site "Bhubaneswar IND"]
[Date "2016.08.21"]
[Round "13.16"]
[White "Rydstrom, Tom"]
[Black "Praggnanandhaa, R."]
[Result "0-1"]
[WhiteElo "2315"]
[BlackElo "2429"]
[EventDate "2016.08.08"]
[PlyCount "102"]

1.e4 e5 2.Nf3 Nc6 3.Bb5 a6 4.Ba4 Nf6 5.O-O b5 6.Bb3 Bb7 7.Nc3 Bc5 8.Nd5 d6
9.d3 h6 10.c3 O-O 11.a4 Ba7 12.Be3 Nd7 13.Ba2 Bxe3 14.Nxe3 Nf6 15.g3 Ne7 
16.Nh4 c5 17.f4 Nc6 18.Nhf5 Kh7 19.Qd2 exf4 20.Rxf4 Ng8 21.Raf1 Ne5 22.Rh4
Ng6 23.Rh5 Bc8 24.Ng4 Bxf5 25.Rhxf5 f6 26.d4 c4 27.Bb1 Kh8 28.Rh5 Qd7 29.
Ne3 N6e7 30.Qc2 g6 31.Rh4 Kg7 32.Rhf4 Rae8 33.Kh1 d5 34.Qg2 dxe4 35.Bxe4 
f5 36.Bc2 Nf6 37.axb5 axb5 38.R4f2 Nfd5 39.Nxd5 Nxd5 40.Qf3 Ne3 41.Ra1 Qd5
42.Qxd5 Nxd5 43.g4 f4 44.Ra7+ Rf7 45.Rxf7+ Kxf7 46.h4 Re1+ 47.Kh2 Kf6 48.
Kg2 g5 49.hxg5+ Kxg5 50.Kh2 Ne3 51.Bf5 h5 0-1

[Event "55th World U20 ch"]
[Site "Bhubaneswar IND"]
[Date "2016.08.21"]
[Round "13.17"]
[White "Martins, David Pires Tavares"]
[Black "Karthik, Venkataraman"]
[Result "1-0"]
[WhiteElo "2402"]
[BlackElo "2305"]
[EventDate "2016.08.08"]
[PlyCount "83"]

1.Nf3 Nf6 2.g3 e6 3.Bg2 d5 4.O-O Be7 5.c4 O-O 6.b3 c5 7.e3 Nc6 8.Bb2 Re8 
9.d4 cxd4 10.Nxd4 Bd7 11.cxd5 Nxd5 12.e4 Nf6 13.e5 Nxe5 14.Bxb7 Rb8 15.Bg2
Qa5 16.Nd2 Rec8 17.Qe2 Bb4 18.Rfd1 Ng6 19.Nc4 Qa6 20.Nc2 Be8 21.Nxb4 Rxb4 
22.Rd6 Rb6 23.Rd2 Rbb8 24.Qd1 Nd5 25.Bxd5 exd5 26.Ne3 Qe6 27.Rxd5 Bc6 28.
Qd4 f6 29.Rd6 Qf7 30.Qc4 Qxc4 31.Nxc4 Ne7 32.Ne3 Kf7 33.Rc1 a5 34.Rd4 Rd8 
35.Rxd8 Rxd8 36.Ba3 Bd7 37.Rd1 Nc6 38.Nc4 Ke6 39.Rd6+ Kf5 40.Bc5 Be8 41.
Rxd8 Nxd8 42.Nd6+ 1-0

[Event "55th World U20 ch"]
[Site "Bhubaneswar IND"]
[Date "2016.08.21"]
[Round "13.18"]
[White "Harsha, Bharathakoti"]
[Black "Yuan Qingyu"]
[Result "0-1"]
[WhiteElo "2344"]
[BlackElo "2366"]
[EventDate "2016.08.08"]
[PlyCount "210"]

1.e4 c5 2.Nf3 d6 3.Bb5+ Nd7 4.O-O a6 5.Bd3 Ngf6 6.Re1 e5 7.c3 Be7 8.Bf1 
O-O 9.d4 b5 10.a4 Rb8 11.axb5 axb5 12.Na3 b4 13.Nc4 bxc3 14.bxc3 exd4 15.
cxd4 d5 16.Na5 Qb6 17.exd5 Nxd5 18.Bc4 N7f6 19.Ne5 Ra8 20.Nec6 Bd6 21.Ba3 
Rxa5 22.Nxa5 Qxa5 23.Bxc5 Qc7 24.Bxd6 Qxd6 25.h3 h6 26.Qb3 Nb6 27.Bf1 Be6 
28.Qe3 Rd8 29.Red1 Nbd5 30.Qe5 Qd7 31.Qe1 Nf4 32.Qe3 N6d5 33.Qf3 Qd6 34.
Qa3 Qd7 35.Rac1 Bf5 36.Re1 Qb7 37.Qf3 Rd6 38.Re8+ Kh7 39.Re5 Qb2 40.Rd1 
Be6 41.g3 Ng6 42.Ree1 Nde7 43.Qe2 Qb6 44.Bg2 Qd8 45.Rd2 Rxd4 46.Rxd4 Qxd4 
47.Qe3 Qf6 48.h4 Bg4 49.Qe4 Bf5 50.Qe3 Be6 51.Qe4 Kg8 52.Qa8+ Nf8 53.Qa1 
Qf5 54.Qe5 Qc2 55.Qe4 Qd2 56.Qe3 Qd7 57.Qc5 Nh7 58.Rc1 Nf6 59.Qc7 Qd2 60.
Qc2 Qa5 61.Qc7 Qa3 62.Qc3 Qa6 63.Bf1 Qa8 64.Bg2 Qe8 65.Qc7 Kh7 66.Re1 Ned5
67.Qc2+ Kg8 68.Qb2 Qd8 69.Rb1 Kh7 70.Qc2+ g6 71.Qb2 Qd6 72.Rd1 Qc5 73.Qd4 
Qb5 74.Qd3 Qa5 75.Qd2 Qa3 76.Qd3 Qe7 77.Re1 Qc7 78.Qd2 Ne7 79.Rc1 Qb6 80.
Qc3 Bd5 81.Qc5 Qe6 82.Bxd5 Nfxd5 83.Qd4 Nf6 84.Qd3 Ned5 85.Qf3 Ng4 86.Rd1 
Ndf6 87.Rd4 h5 88.Rf4 Ne5 89.Qe2 Qd6 90.Ra4 Qd5 91.Ra3 Nfg4 92.Rc3 Qd4 93.
Ra3 Nh6 94.Re3 Nhg4 95.Ra3 Qb4 96.Ra2 Qc3 97.Qe4 Nd3 98.Kg2 Ne1+ 99.Kf1 
Nh2+ 100.Ke2 Nef3 101.Kd1 Ng4 102.Qe2 Qb3+ 103.Kc1 Nge5 104.Qc2 Nd3+ 105.
Kd1 Nxf2+ 0-1

[Event "55th World U20 ch"]
[Site "Bhubaneswar IND"]
[Date "2016.08.21"]
[Round "13.19"]
[White "Beukema, Stefan"]
[Black "Grandadam, Patrik"]
[Result "1-0"]
[WhiteElo "2380"]
[BlackElo "2325"]
[EventDate "2016.08.08"]
[PlyCount "49"]

1.e4 e6 2.d4 d5 3.Nc3 dxe4 4.Nxe4 Bd7 5.Nf3 Bc6 6.Bd3 Nd7 7.O-O Ngf6 8.Qe2
Nxe4 9.Bxe4 Bxe4 10.Qxe4 c6 11.c4 Nf6 12.Qe2 Be7 13.Bf4 O-O 14.Rad1 Re8 
15.Rd3 Qa5 16.a3 b5 17.c5 Rad8 18.Ne5 Qa6 19.Rfd1 Rd5 20.Rg3 Red8 21.Bh6 
Ne8 22.Qf3 Bf6 23.Bxg7 Bxg7 24.Qxf7+ Kh8 25.Qf8+ 1-0

[Event "55th World U20 ch"]
[Site "Bhubaneswar IND"]
[Date "2016.08.21"]
[Round "13.20"]
[White "Krishna Teja, N."]
[Black "Beradze, Irakli"]
[Result "0-1"]
[WhiteElo "2282"]
[BlackElo "2440"]
[EventDate "2016.08.08"]
[PlyCount "122"]

1.Nf3 d5 2.c4 c6 3.e3 Nf6 4.d4 Bf5 5.cxd5 cxd5 6.Nc3 Nc6 7.Ne5 Bd7 8.Bd2 
e6 9.Nxd7 Qxd7 10.Rc1 Bd6 11.a3 O-O 12.b4 a6 13.Na4 Qe7 14.Bd3 e5 15.dxe5 
Nxe5 16.Bc3 b5 17.Bxe5 Bxe5 18.Nc5 Bb2 19.Rb1 Bc3+ 20.Kf1 a5 21.g3 axb4 
22.axb4 Rac8 23.Kg2 Bxb4 24.Na6 Bd6 25.Rxb5 Rc6 26.Qa4 Rc3 27.Rb3 Rfc8 28.
Rhb1 g6 29.Rxc3 Rxc3 30.Rb3 Rxb3 31.Qxb3 h5 32.h4 Kg7 33.Qb2 Qd8 34.Qd4 
Qa5 35.e4 Qe1 36.exd5 Qd2 37.Kg1 Qd1+ 38.Kg2 Qd2 39.Kg1 Qa5 40.Bc4 Qe1+ 
41.Kg2 Qe7 42.Qe3 Qxe3 43.fxe3 Ng4 44.Ba2 Nxe3+ 45.Kf3 Nf5 46.Bb1 Kf6 47.
Bd3 Ke5 48.Bb1 Kd4 49.Ba2 Kc3 50.Bb1 Kc4 51.Kg2 Nxg3 52.Ba2+ Kb5 53.Nc7+ 
Bxc7 54.d6 Bxd6 55.Bxf7 Nf5 56.Kh3 Ne7 57.Kg2 Kc5 58.Kf3 Kd4 59.Kg2 Ke5 
60.Kh3 Kf6 61.Be8 Bb4 0-1

[Event "55th World U20 ch"]
[Site "Bhubaneswar IND"]
[Date "2016.08.21"]
[Round "13.21"]
[White "Salles, Louis"]
[Black "Visakh, N. R."]
[Result "0-1"]
[WhiteElo "2235"]
[BlackElo "2431"]
[EventDate "2016.08.08"]
[PlyCount "110"]

1.d4 Nf6 2.c4 e6 3.Nc3 Bb4 4.e3 O-O 5.Ne2 d5 6.a3 Be7 7.Ng3 dxc4 8.Bxc4 c5
9.dxc5 Qxd1+ 10.Kxd1 Bxc5 11.b4 Be7 12.Bb2 b6 13.Ke2 Bb7 14.f3 Rc8 15.Bb3 
Nbd7 16.Rac1 a5 17.b5 Nc5 18.Bc2 a4 19.Rhd1 Nb3 20.Bxb3 axb3 21.a4 Nd5 22.
Nge4 f5 23.Nxd5 Bxd5 24.Rxc8+ Rxc8 25.Nc3 Bc4+ 26.Kf2 Bh4+ 27.g3 Bf6 28.
Rc1 Bd3 29.Ke1 Bc2 30.Nd1 Be7 31.Bd4 Bb4+ 32.Kf2 Rd8 33.f4 Ba3 34.Ra1 Rxd4
35.exd4 b2 36.Nxb2 Bxb2 37.Ra2 Bxd4+ 38.Ke2 Bb3 39.Ra3 Bc4+ 40.Kf3 Kf7 41.
h3 Kf6 42.g4 h6 43.Kg3 Bc5 44.Ra1 Bd6 45.a5 bxa5 46.b6 g5 47.gxf5 gxf4+ 
48.Kf3 Bd5+ 49.Kg4 exf5+ 50.Kh4 Be7 51.Re1 Kf7+ 52.Kh5 Bg5 53.Rg1 Bf3+ 54.
Rg4 fxg4 55.hxg4 Be4 0-1

[Event "55th World U20 ch"]
[Site "Bhubaneswar IND"]
[Date "2016.08.21"]
[Round "13.22"]
[White "Pirverdiev, Agil"]
[Black "Papakonstantinou, Dimitrios"]
[Result "1-0"]
[WhiteElo "2364"]
[BlackElo "2180"]
[EventDate "2016.08.08"]
[PlyCount "47"]

1.e4 c5 2.Nf3 d6 3.d4 cxd4 4.Nxd4 Nf6 5.Nc3 e6 6.Be3 a6 7.Qf3 Qc7 8.g4 b5 
9.g5 Nfd7 10.a3 Nc5 11.h4 Nbd7 12.h5 Bb7 13.O-O-O Be7 14.g6 Rf8 15.Qh3 
hxg6 16.hxg6 f5 17.exf5 exf5 18.Nxf5 Rxf5 19.Qxf5 Bxh1 20.Qf7+ Kd8 21.Qxg7
Qc6 22.Bd4 Bf3 23.Re1 Ne4 24.Bh3 1-0

[Event "55th World U20 ch"]
[Site "Bhubaneswar IND"]
[Date "2016.08.21"]
[Round "13.23"]
[White "Nihal, Sarin"]
[Black "Tahay, Alexis"]
[Result "1/2-1/2"]
[WhiteElo "2358"]
[BlackElo "2098"]
[EventDate "2016.08.08"]
[PlyCount "64"]

1.d4 Nf6 2.c4 c5 3.d5 b5 4.cxb5 a6 5.bxa6 g6 6.Nc3 Bg7 7.g3 d6 8.Bg2 O-O 
9.Nf3 Nbd7 10.Rb1 Nb6 11.Nh4 Bxa6 12.b3 Ne8 13.Bd2 Nc7 14.a4 Bb7 15.e4 Ba6
16.Bf1 Bxf1 17.Kxf1 e6 18.Nf3 exd5 19.Nxd5 Ncxd5 20.exd5 Qd7 21.Kg2 Nxd5 
22.Qc2 Rae8 23.Rhe1 Qb7 24.Qd3 Rxe1 25.Rxe1 Nc7 26.Qxd6 Ne6 27.Qd3 Rd8 28.
Qe4 Qxb3 29.Rc1 Nd4 30.Be3 Nxf3 31.Kxf3 Bd4 32.Kg2 Bxe3 1/2-1/2